Χάρτης της Ευρώπης με Τυχαία Ενωμένες Χώρες - Statistics

General Stats
  • This quiz has been taken 87 times
  • The average score is 9 of 12
Answers on the Map
Answers color-coded by a green-red scale on the quiz's map according to % correct below.
 
Answer Stats
Group Name Χώρα % Correct
Ενωμένες Χώρες Ρωσία
100%
Ενωμένες Χώρες Ουκρανία
100%
Ενωμένες Χώρες Λετονία
100%
Ενωμένες Χώρες Ρωσία
100%
Ενωμένες Χώρες Φινλανδία
100%
Ενωμένες Χώρες Ρωσία
100%
Ενωμένες Χώρες Εσθονία
100%
Ενωμένες Χώρες Ρωσία
100%
Ενωμένες Χώρες Εσθονία
100%
Ενωμένες Χώρες Λετονία
100%
Ενωμένες Χώρες Λευκορωσία
100%
Ενωμένες Χώρες Λετονία
100%
Ενωμένες Χώρες Πολωνία
100%
Ενωμένες Χώρες Μολδαβία
100%
Ενωμένες Χώρες Ρουμανία
100%
Ενωμένες Χώρες Βουλγαρία
100%
Ενωμένες Χώρες Ρουμανία
100%
Ενωμένες Χώρες Ρουμανία
100%
Ενωμένες Χώρες Ουκρανία
100%
Ενωμένες Χώρες Πολωνία
100%
Ενωμένες Χώρες Ουκρανία
100%
Ενωμένες Χώρες Πολωνία
100%
Ενωμένες Χώρες Σλοβακία
100%
Ενωμένες Χώρες Τσεχία
100%
Ενωμένες Χώρες Γερμανία
100%
Ενωμένες Χώρες Γαλλία
100%
Ενωμένες Χώρες Γερμανία
100%
Ενωμένες Χώρες Γερμανία
100%
Ενωμένες Χώρες Βέλγιο
100%
Ενωμένες Χώρες Ολλανδία
100%
Ενωμένες Χώρες Γαλλία
100%
Ενωμένες Χώρες Ισπανία
100%
Ενωμένες Χώρες Πορτογαλία
100%
Ενωμένες Χώρες Ισπανία
100%
Ενωμένες Χώρες Γαλλία
100%
Ενωμένες Χώρες Ιταλία
100%
Ενωμένες Χώρες Ιταλία
100%
Ενωμένες Χώρες Ελβετία
100%
Ενωμένες Χώρες Γερμανία
100%
Ενωμένες Χώρες Ελβετία
100%
Ενωμένες Χώρες Αυστρία
100%
Ενωμένες Χώρες Αυστρία
100%
Ενωμένες Χώρες Ουγγαρία
100%
Ενωμένες Χώρες Ουγγαρία
100%
Ενωμένες Χώρες Σλοβακία
100%
Ενωμένες Χώρες Ουγγαρία
100%
Ενωμένες Χώρες Ρουμανία
100%
Ενωμένες Χώρες Ουγγαρία
100%
Ενωμένες Χώρες Αλβανία
100%
Ενωμένες Χώρες Βόρεια Μακεδονία
100%
Ενωμένες Χώρες Βοσνία και Ερζεγοβίνη
100%
Ενωμένες Χώρες Κροατία
100%
Ενωμένες Χώρες Σλοβακία
100%
Ενωμένες Χώρες Ουκρανία
100%
Ενωμένες Χώρες Ουγγαρία
100%
Ενωμένες Χώρες Ουκρανία
100%
Ενωμένες Χώρες Ουγγαρία
100%
Ενωμένες Χώρες Σερβία
100%
Ενωμένες Χώρες Κροατία
100%
Ενωμένες Χώρες Λετονία
80%
Ενωμένες Χώρες Λιθουανία
80%
Ενωμένες Χώρες Αυστρία
80%
Ενωμένες Χώρες Τσεχία
80%
Ενωμένες Χώρες Νορβηγία
75%
Ενωμένες Χώρες Σουηδία
75%
Ενωμένες Χώρες Λευκορωσία
75%
Ενωμένες Χώρες Λιθουανία
75%
Ενωμένες Χώρες Σλοβακία
75%
Ενωμένες Χώρες Βοσνία και Ερζεγοβίνη
75%
Ενωμένες Χώρες Σερβία
75%
Ενωμένες Χώρες Γαλλία
71%
Ενωμένες Χώρες Ελβετία
71%
Ενωμένες Χώρες Λευκορωσία
67%
Ενωμένες Χώρες Κροατία
67%
Ενωμένες Χώρες Βουλγαρία
67%
Ενωμένες Χώρες Σερβία
67%
Ενωμένες Χώρες Αλβανία
67%
Ενωμένες Χώρες Ελλάδα
67%
Ενωμένες Χώρες Βέλγιο
67%
Ενωμένες Χώρες Γερμανία
67%
Ενωμένες Χώρες Αυστρία
67%
Ενωμένες Χώρες Σλοβακία
67%
Ενωμένες Χώρες Σλοβενία
67%
Ενωμένες Χώρες Ιρλανδία
60%
Ενωμένες Χώρες Ηνωμένο Βασίλειο
60%
Ενωμένες Χώρες Νορβηγία
60%
Ενωμένες Χώρες Ουκρανία
60%
Ενωμένες Χώρες Ρουμανία
60%
Ενωμένες Χώρες Σερβία
60%
Ενωμένες Χώρες Ρωσία
50%
Ενωμένες Χώρες Σουηδία
50%
Ενωμένες Χώρες Γερμανία
50%
Ενωμένες Χώρες Πολωνία
50%
Ενωμένες Χώρες Ολλανδία
50%
Ενωμένες Χώρες Ελλάδα
50%
Ενωμένες Χώρες Βόρεια Μακεδονία
50%
Ενωμένες Χώρες Ελβετία
50%
Ενωμένες Χώρες Σερβία
50%
Ενωμένες Χώρες Σλοβενία
50%
Ενωμένες Χώρες Βουλγαρία
50%
Ενωμένες Χώρες Ελλάδα
50%
Ενωμένες Χώρες Λιθουανία
50%
Ενωμένες Χώρες Πολωνία
50%
Ενωμένες Χώρες Φινλανδία
40%
Ενωμένες Χώρες Μολδαβία
40%
Ενωμένες Χώρες Τσεχία
33%
Ενωμένες Χώρες Πολωνία
33%
Ενωμένες Χώρες Τσεχία
33%
Ενωμένες Χώρες Ιταλία
33%
Ενωμένες Χώρες Λευκορωσία
25%
Ενωμένες Χώρες Κροατία
25%
Ενωμένες Χώρες Φινλανδία
0%
Ενωμένες Χώρες Λευκορωσία
0%
Ενωμένες Χώρες Ουκρανία
0%
Ενωμένες Χώρες Αυστρία
0%
Ενωμένες Χώρες Γερμανία
0%
Ενωμένες Χώρες Βέλγιο
0%
Ενωμένες Χώρες Γαλλία
0%
Ενωμένες Χώρες Ιταλία
0%
Ενωμένες Χώρες Αυστρία
0%
Ενωμένες Χώρες Σλοβενία
0%
Ενωμένες Χώρες Αυστρία
0%
Ενωμένες Χώρες Βουλγαρία
0%
Ενωμένες Χώρες Βόρεια Μακεδονία
0%
No matching quizzes found
Score Distribution
Percent of People with Each Score
Percentile by Number Answered
Your Score History
You have not taken this quiz